Digital electronics : (Record no. 8866)

MARC details
000 -LEADER
fixed length control field 00703nam a22002172 4500
001 - CONTROL NUMBER
control field 0000019190
005 - DATE AND TIME OF LATEST TRANSACTION
control field 20151217152148.0
008 - FIXED-LENGTH DATA ELEMENTS--GENERAL INFORMATION
fixed length control field 101019s xx 000 0 eng d
020 ## - INTERNATIONAL STANDARD BOOK NUMBER
International Standard Book Number 0470032145 :
040 ## - CATALOGING SOURCE
Original cataloging agency KABU
Transcribing agency KABU
100 1# - MAIN ENTRY--PERSONAL NAME
Personal name Maini, Anil K.
-- 0000178830
245 10 - TITLE STATEMENT
Title Digital electronics :
Remainder of title principles, devices and applications /
Statement of responsibility, etc. Anil K. Maini.
250 ## - EDITION STATEMENT
Edition statement 1st ed.
260 ## - PUBLICATION, DISTRIBUTION, ETC. (IMPRINT)
Place of publication, distribution, etc. Chichester, England :
Name of publisher, distributor, etc. J. Wiley,
Date of publication, distribution, etc. 2007.
300 ## - PHYSICAL DESCRIPTION
Extent xxiii, 727 p.
650 #0 - SUBJECT ADDED ENTRY--TOPICAL TERM
Topical term or geographic name as entry element Digital electronics.
-- 0000148512
852 1# - LOCATION
-- p11667.50 KES
852 1# - LOCATION
-- p9750 KES
908 ## - PUT COMMAND PARAMETER (RLIN)
Put command parameter 101019
950 ## - LOCAL HOLDINGS (RLIN)
-- 1
Holdings
Withdrawn status Lost status Source of classification or shelving scheme Not for loan Home library Current library Date acquired Total Checkouts Full call number Barcode Date last seen Date last checked out Price effective from Koha item type
    Library of Congress Classification   Kabarak, Main Campus Kabarak, Main Campus 17/12/2015 2 TK7868 .D5M35 2007 c. 1 23664 06/12/2019 26/11/2019 17/12/2015 General Collection
    Library of Congress Classification   Kabarak, Main Campus Kabarak, Main Campus 17/12/2015 7 TK7868 .D5M35 2007 c. 2 23444 27/03/2021 25/03/2021 17/12/2015 General Collection
    Library of Congress Classification   Kabarak, Main Campus Kabarak, Main Campus 17/12/2015 6 TK7868 .D5M35 2007 c. 3 23481 03/03/2020 20/02/2020 17/12/2015 General Collection
Designed with assistance from East African Informatics Ltd